| 000 | 00437cam a2200181ua 4500 | ||
|---|---|---|---|
| 020 | _cRs 5.00 | ||
| 041 |
_ahin _h |
||
| 082 |
_a891.54 _bVRI/AM |
||
| 100 | _aVrindavan Lal, Verma . | ||
| 245 |
_aAmar bel / _cVrindavan Lal Verma. _hTextual Documents |
||
| 250 |
_a4 / _b. |
||
| 260 |
_aJhansi : _bMayoor Prakashan , _c1963. |
||
| 300 | _a477 ; . | ||
| 365 | _aRs 5.00 | ||
| 504 | _a | ||
| 942 | _cBK | ||
| 999 |
_c3672 _d3672 |
||